000 00575nam a2200193 i 4500
001 80985
003 ES-MaACL
005 20250625063150.0
007 t|
008 041102s1970 sp ||||1| spa d
100 1 _aHolt, Victoria,
_d1906-1993
_9166688
245 1 3 _aEl rey del castillo /
_cVictoria Holt ; [traducción, Julio F. Yáñez].
250 _a[1º ed.].
260 _a[Barcelona] :
_bDestino,
_c1970.
300 _a307 p. ;
_c18 cm.
700 1 _aFernández-Yáñez, Julio.
_950195
852 _aES-MaACL
_jC-40198
_bR.72829
999 _c80985
_d80985